| 000 | 00591nam a2200229Ia 4500 | ||
|---|---|---|---|
| 003 | OSt | ||
| 005 | 20230619160003.0 | ||
| 008 | 210423s2014 xx 000 0 und d | ||
| 020 | _a978-0-14-306227-1 | ||
| 040 | _cAL | ||
| 041 | _aeng | ||
| 082 | _a822.914 GOKS | ||
| 100 |
_aGOKHALE (Namita) _9104628 |
||
| 245 | _aShakunthala: play of memory | ||
| 260 |
_aNew York _bPenguin Books Ltd _c2014 |
||
| 300 |
_a208 _bPB |
||
| 365 |
_b225 _cINR |
||
| 650 |
_aEnglish Drama _9104629 |
||
| 650 |
_aEnglish Literature _9104630 |
||
| 906 | _amemory ; play ; Shakunthala: | ||
| 942 |
_2ddc _cBK |
||
| 999 |
_c166267 _d166267 |
||